| 000 | 01761cam a2200385 a 4500 | ||
|---|---|---|---|
| 001 | 14960750 | ||
| 005 | 20101223072922.0 | ||
| 008 | 070810s2008 nyu b 001 0 eng | ||
| 010 | _a 2007032565 | ||
| 020 | 9 | _a041570183X | |
| 020 | 9 | _a9780415701839 | |
| 035 | _a(OCoLC)ocn165082240 | ||
| 035 | _a(OCoLC)165082240 | ||
| 040 |
_aDLC _cDLC _dBAKER _dC#P _dYDXCP _dDLC |
||
| 050 | 0 | 0 |
_aHM467 _b.S34 2008 |
| 082 | 0 | 0 |
_a301.0943 _222 _bSCH |
| 100 | 1 |
_aScheuerman, William E., _d1965- _924291 |
|
| 245 | 1 | 0 |
_aFrankfurt School Perspectives on Globalization, Democracy, and the Law / _cWilliam E. Scheuerman. |
| 260 |
_aNew York : _bRoutledge, 2008 _c2008. |
||
| 300 |
_aviii, 212 p. ; _c24 cm. |
||
| 490 |
_924288 _aRoutledge Studies in Social and Political Thought ; _n55 |
||
| 504 | _aIncludes bibliographical references (p. [197]-205) and index. | ||
| 600 | 1 | 0 |
_aNeumann, Franz L. _q(Franz Leopold), _d1900-1954. _924292 |
| 600 | 1 | 0 |
_aHabermas, Jurgen. _924293 |
| 650 | 0 |
_aFrankfurt school of sociology. _924294 |
|
| 650 | 0 |
_aInternational economic integration. _924295 |
|
| 650 | 0 |
_aGlobalization. _924296 |
|
| 650 | 0 |
_aRule of law. _924297 |
|
| 856 | 4 | 1 |
_3Table of contents only _uhttp://www.loc.gov/catdir/toc/ecip0724/2007032565.html |
| 856 | 4 | 2 |
_3Publisher description _uhttp://www.loc.gov/catdir/enhancements/fy0835/2007032565-d.html |
| 856 | 4 | 2 |
_3Contributor biographical information _uhttp://www.loc.gov/catdir/enhancements/fy1102/2007032565-b.html |
| 942 |
_2ddc _cBB |
||
| 999 |
_c15440 _d15440 |
||